000 00338 a2200121 4500
000 nam a22 7a 4500
005 20260428171328.0
020 _a9780367760151
100 _aAndrea Duffy
_91235925
245 _aThe Nature of Empire : Modern Imperialism and the Roots of the Anthropocene
260 _bRoutledge
_c2026
942 _cTEXL
999 _c1848623
_d1848623